| 000 | 00456nam a2200181Ia 4500 | ||
|---|---|---|---|
| 001 | 65632 | ||
| 008 | 220908n ii |||gr||||Z||||||297 | ||
| 082 | _a892.7 | ||
| 100 | _aJawdah. | ||
| 245 | 0 |
_aAbnau Abi Bakr Al-Siddique _cBy Abdul Hamid Jawdah _hTextual Documents |
|
| 250 | _aFirst. | ||
| 260 | _bNadwi Publication | ||
| 300 |
_a40pg: _c23cm. |
||
| 653 | _aArabic | ||
| 653 | _aAbnau Abi Bakr Al-Siddique | ||
| 653 | _aG-Arabic | ||
| 942 |
_2ddc _cBK |
||
| 999 |
_c66732 _d66732 |
||